[Event "DSOL 02 Liga Gr-C 1st"]
[Site "Playchess.com INT"]
[Date "2020.07.30"]
[Round "6.3"]
[White "Prange, Dieter"]
[Black "Felten, Joachim"]
[Result "0-1"]
[WhiteElo "1954"]
[BlackElo "1991"]
[PlyCount "92"]
[EventDate "2020.06.22"]
[EventType "team-tourn (rapid)"]
[EventCountry "GER"]
[SourceTitle "EXT 2021"]
[Source "ChessBase"]
[SourceDate "2020.10.23"]
[SourceVersion "1"]
[SourceVersionDate "2020.10.23"]
[SourceQuality "1"]
[WhiteTeam "Bergwinkel SV"]
[BlackTeam "Grosshansdorf"]
[WhiteTeamCountry "GER"]
[BlackTeamCountry "GER"]

1. e4 e6 2. d4 d5 3. Nc3 Bb4 4. e5 c5 5. a3 Bxc3+ 6. bxc3 Qa5 7. Bd2 Qa4 8. Nf3 Nc6 9. Qb1 c4 10. g3 Bd7 11. Bh3 0-0-0 12. 0-0 h6 13. Ne1 f5 14. f4 g5 15. Bg2 g4 16. h4 gxh3 17. Bxh3 h5 18. Nf3 Nh6 19. Ng5 Rdf8 20. Rf2 Ng4 21. Re2 b6 22. Be1 Rfg8 23. Qb2 Rg7 24. Rb1 Kb7 25. Bg2 Rhg8 26. Bd2 Ne7 27. Qc1 Ng6 28. Be1 Rh8 29. Rb4 Qc6 30. a4 h4 31. gxh4 Nxh4 32. Bxh4 Rxh4 33. Nf3 Rh8 34. Nd2 a5 35. Rb5 Qc8 36. Rb1 Bxa4 37. Qa3 Bxc2 38. Rb5 Ka6 39. Rb2 Bd3 40. Re1 Nh2 41. Qa4 Rxg2+ 42. Kxg2 Qg8+ 43. Kf2 Ng4+ 44. Kg1 Ne3+ 45. Kf2 Qg2+ 46. Kxe3 Rh3+ 0-1

[Event "Oberliga Ost-B 1415"]
[Site "Germany"]
[Date "2015.04.11"]
[Round "10.6"]
[White "Hettstedt, Joerg"]
[Black "Prange, Dieter"]
[Result "1-0"]
[WhiteElo "2015"]
[BlackElo "2079"]
[PlyCount "101"]
[EventDate "2014.09.21"]
[EventType "team-tourn"]
[EventRounds "11"]
[EventCountry "GER"]
[SourceTitle "EXT 2016"]
[Source "ChessBase"]
[SourceDate "2015.10.08"]
[SourceVersion "1"]
[SourceVersionDate "2015.10.08"]
[SourceQuality "1"]
[WhiteTeam "Merseburg"]
[BlackTeam "Marburg"]
[WhiteTeamCountry "GER"]
[BlackTeamCountry "GER"]

1. b3 e5 2. Bb2 Nc6 3. c4 Nf6 4. d3 d5 5. cxd5 Nxd5 6. Nf3 f6 7. a3 Bg4 8. Nbd2 Be7 9. Qc2 0-0 10. h3 Bh5 11. g4 Bf7 12. e3 Qd7 13. Be2 Rfd8 14. Ne4 b6 15. Rc1 Na5 16. b4 Nb7 17. d4 exd4 18. Nxd4 c5 19. Bb5 Qc7 20. Nf5 Rac8 21. Qb1 Nd6 22. Ba6 Nxf5 23. gxf5 Rb8 24. Be2 Qd7 25. b5 Kh8 26. Ng3 Nc7 27. Rd1 Qe8 28. a4 Bd6 29. Rg1 Bb3 30. Rxd6 Rxd6 31. Ne4 Rbd8 32. Nxd6 Rxd6 33. Bxf6 gxf6 34. Qxb3 Nd5 35. Qc4 Rd7 36. Qg4 h6 37. Bf3 Nb4 38. Qh4 Qf8 39. Rg6 Kh7 40. Be2 Rd6 41. Bc4 Nd5 42. Bxd5 Rxd5 43. Qxf6 Qxf6 44. Rxf6 h5 45. Rf7+ Kh6 46. Rxa7 Kg5 47. Ra6 Kh4 48. Rxb6 Kxh3 49. Rg6 h4 50. b6 Rxf5 51. b7 1-0

[Event "Groningen op compact-A 51st"]
[Site "Groningen"]
[Date "2013.12.26"]
[Round "1"]
[White "Prange, Dieter"]
[Black "Straat, Evert Jan"]
[Result "0-1"]
[WhiteElo "2087"]
[BlackElo "1978"]
[PlyCount "82"]
[EventDate "2013.12.26"]
[EventType "swiss"]
[EventRounds "5"]
[EventCountry "NED"]
[SourceTitle "CBM 158 Extra"]
[Source "ChessBase"]
[SourceDate "2014.02.28"]
[SourceVersion "1"]
[SourceVersionDate "2014.02.28"]
[SourceQuality "1"]

1. e4 e6 2. d4 d5 3. Nc3 Bb4 4. e5 c5 5. a3 Bxc3+ 6. bxc3 Ne7 7. Nf3 Nbc6 8. Be2 Qa5 9. Bd2 cxd4 10. cxd4 Qa4 11. Be3 b6 12. 0-0 Ba6 13. Bxa6 Qxa6 14. Ng5 h6 15. Qh5 0-0 16. Nh3 Qc4 17. g4 Nxd4 18. Rad1 Nf3+ 19. Kg2 Qe4 20. Kg3 Nxe5 21. Ng1 Nc4 22. Rfe1 Qxc2 23. Bd4 Qg6 24. Qxg6 Nxg6 25. a4 e5 26. Ba1 d4 27. Ne2 Rac8 28. h4 f6 29. h5 Ne7 30. Nxd4 Rfd8 31. Nb5 a6 32. Nc3 Kf7 33. Ne4 Rxd1 34. Rxd1 Ke6 35. f4 exf4+ 36. Kxf4 Nd5+ 37. Kf3 Ne5+ 38. Bxe5 fxe5 39. g5 Rf8+ 40. Ke2 Rf4 41. Kd3 Rxe4 0-1

[Event "Hessenliga 1112"]
[Site "Germany"]
[Date "2012.05.13"]
[Round "9.6"]
[White "Prange, Dieter"]
[Black "Syperek, Sebastian"]
[Result "1-0"]
[WhiteElo "2148"]
[BlackElo "2198"]
[PlyCount "41"]
[EventDate "2011.09.25"]
[EventType "team-tourn"]
[EventRounds "9"]
[EventCountry "GER"]
[SourceTitle "EXT 2013"]
[Source "ChessBase"]
[SourceDate "2012.11.22"]
[SourceVersion "1"]
[SourceVersionDate "2012.11.22"]
[SourceQuality "1"]
[WhiteTeam "Marburg"]
[BlackTeam "Eppstein"]
[WhiteTeamCountry "GER"]
[BlackTeamCountry "GER"]

1. Nf3 d5 2. b3 Nf6 3. Bb2 c6 4. e3 Bg4 5. Be2 Nbd7 6. c4 e6 7. 0-0 Bd6 8. d4 Ne4 9. Ne5 Bxe2 10. Qxe2 0-0 11. f3 Nef6 12. e4 dxe4 13. Nxd7 Nxd7 14. fxe4 Qh4 15. g3 Qh3 16. Nd2 Rae8 17. e5 Be7 18. Ne4 f5 19. exf6 gxf6 20. Nf2 Qf5 21. Ng4 1-0

[Event "Hessenliga 1112"]
[Site "Germany"]
[Date "2012.01.29"]
[Round "5.7"]
[White "Prange, Dieter"]
[Black "Sehn, Norbert"]
[Result "0-1"]
[WhiteElo "2148"]
[BlackElo "2083"]
[PlyCount "52"]
[EventDate "2011.09.25"]
[EventType "team-tourn"]
[EventRounds "9"]
[EventCountry "GER"]
[SourceTitle "EXT 2013"]
[Source "ChessBase"]
[SourceDate "2012.11.22"]
[SourceVersion "1"]
[SourceVersionDate "2012.11.22"]
[SourceQuality "1"]
[WhiteTeam "Marburg"]
[BlackTeam "Fulda"]
[WhiteTeamCountry "GER"]
[BlackTeamCountry "GER"]

1. e4 d5 2. exd5 Qxd5 3. Nc3 Qd6 4. g3 Nf6 5. Bg2 e5 6. Nge2 Be7 7. d4 c6 8. dxe5 Qxe5 9. Bf4 Qc5 10. 0-0 0-0 11. Qd4 Bf5 12. Rac1 Nbd7 13. Na4 Qa5 14. Bd2 Qa6 15. Rfe1 c5 16. Qf4 Bg4 17. Nac3 c4 18. Qg5 Bc5 19. Ne4 Nxe4 20. Bxe4 Nf6 21. Bxh7+ Kxh7 22. Qxc5 Bxe2 23. Bc3 Rfe8 24. Rxe2 Rxe2 25. Bxf6 Qxf6 26. Qh5+ Qh6 0-1

[Event "Hessenliga 1011"]
[Site "Germany"]
[Date "2011.03.13"]
[Round "7.8"]
[White "Prange, Dieter"]
[Black "Noble, Fabian"]
[Result "1/2-1/2"]
[WhiteElo "2148"]
[BlackElo "2060"]
[PlyCount "73"]
[EventDate "2010.09.26"]
[EventType "team-tourn"]
[EventRounds "9"]
[EventCountry "GER"]
[SourceTitle "EXT 2012"]
[Source "ChessBase"]
[SourceDate "2011.11.24"]
[SourceVersion "1"]
[SourceVersionDate "2011.11.24"]
[SourceQuality "1"]
[WhiteTeam "Marburg"]
[BlackTeam "Bad Nauheim"]
[WhiteTeamCountry "GER"]
[BlackTeamCountry "GER"]

1. e4 d6 2. d4 Nf6 3. Nc3 c6 4. Bg5 Qa5 5. Qd2 Nbd7 6. f4 h6 7. Bh4 e5 8. fxe5 dxe5 9. Nf3 Bb4 10. Bd3 exd4 11. Nxd4 Qe5 12. Nf3 Bxc3 13. bxc3 Qe7 14. 0-0 g5 15. e5 Nd5 16. Bg3 Nc5 17. Nd4 Be6 18. c4 Nb6 19. Nf5 Bxf5 20. Rxf5 0-0-0 21. Qa5 Nxd3 22. cxd3 Rxd3 23. c5 Qd7 24. Raf1 Qd4+ 25. Kh1 Nc4 26. Qxa7 Ra3 27. Qxa3 Nxa3 28. Rxf7 Re8 29. e6 Rxe6 30. Rc7+ Kd8 31. Rxb7 Rf6 32. Re1 Nb5 33. Rb8+ Kd7 34. Rb7+ Kc8 35. Rb8+ Kd7 36. Rb7+ Kd8 37. Rb8+ 1/2-1/2

[Event "Hessenliga 0809"]
[Site "Germany"]
[Date "2008.12.07"]
[Round "5.7"]
[White "Prange, Dieter"]
[Black "Meyer, Stefan"]
[Result "1-0"]
[WhiteElo "2172"]
[BlackElo "2155"]
[PlyCount "81"]
[EventDate "2008.09.14"]
[EventType "team-tourn"]
[EventRounds "9"]
[EventCountry "GER"]
[SourceTitle "EXT 2011"]
[Source "ChessBase"]
[SourceDate "2010.11.26"]
[SourceVersion "1"]
[SourceVersionDate "2010.11.26"]
[SourceQuality "1"]
[WhiteTeam "Marburg"]
[BlackTeam "Dotzheim"]
[WhiteTeamCountry "GER"]
[BlackTeamCountry "GER"]

1. c4 c6 2. Nf3 d5 3. e3 Nf6 4. b3 Bg4 5. Bb2 e6 6. Be2 Nbd7 7. 0-0 Bd6 8. h3 Bxf3 9. Bxf3 Qe7 10. Nc3 Ba3 11. Bxa3 Qxa3 12. Qc2 0-0 13. d4 Rad8 14. Rfe1 Rfe8 15. Rad1 Qa6 16. Be2 Qa5 17. g4 dxc4 18. bxc4 Qg5 19. f4 Qh4 20. Kg2 g5 21. Bf3 h5 22. Qf2 hxg4 23. hxg4 Qxf2+ 24. Kxf2 gxf4 25. exf4 Kg7 26. g5 Ng8 27. Ne4 Nb6 28. c5 Nd5 29. Nd6 Rxd6 30. cxd6 Nxf4 31. Kg3 Nd5 32. Bxd5 cxd5 33. Kf4 f6 34. Rc1 fxg5+ 35. Kxg5 Nh6 36. Rf1 Nf7+ 37. Rxf7+ Kxf7 38. Rc7+ Kf8 39. Kf6 Rd8 40. d7 e5 41. Rc8 1-0

[Event "Hessenliga 0708"]
[Site "Germany"]
[Date "2008.01.20"]
[Round "5.4"]
[White "Kreiling, Carsten"]
[Black "Prange, Dieter"]
[Result "0-1"]
[WhiteElo "2139"]
[BlackElo "2129"]
[PlyCount "100"]
[EventDate "2007.09.30"]
[EventType "team"]
[EventRounds "9"]
[EventCountry "GER"]
[SourceTitle "EXT 2009"]
[Source "ChessBase"]
[SourceDate "2008.11.26"]
[SourceVersion "1"]
[SourceVersionDate "2008.11.26"]
[SourceQuality "1"]
[WhiteTeam "Eppstein"]
[BlackTeam "Marburg"]
[WhiteTeamCountry "GER"]
[BlackTeamCountry "GER"]

1. d4 Nf6 2. c4 e6 3. Nf3 b6 4. a3 Bb7 5. Nc3 Be7 6. d5 0-0 7. e4 exd5 8. cxd5 d6 9. Bd3 c5 10. 0-0 Nbd7 11. h3 a6 12. a4 Ne5 13. Nxe5 dxe5 14. f4 Qc7 15. f5 c4 16. Bc2 b5 17. axb5 axb5 18. Be3 Rxa1 19. Qxa1 Bc5 20. Qc1 Qb6 21. Bxc5 Qxc5+ 22. Kh2 b4 23. Ne2 Ba6 24. Rf3 Rc8 25. Rg3 Kf8 26. Rxg7 Qd6 27. Rg3 c3 28. Nxc3 bxc3 29. Rxc3 Qb4 30. Bd3 Rxc3 31. bxc3 Qa4 32. Bxa6 Qxa6 33. Qb2 Qd6 34. Qc2 Qc5 35. Qd3 Qf2 36. d6 Qf4+ 37. Kg1 Qxe4 38. Qb5 Qe3+ 39. Kh1 Qc1+ 40. Kh2 Qf4+ 41. Kg1 Qc1+ 42. Kh2 Qxc3 43. Qb8+ Kg7 44. Qc7 Qd2 45. Kg1 e4 46. g4 h6 47. h4 Nxg4 48. f6+ Kxf6 49. Qe7+ Kg7 50. Qxe4 Qf2+ 0-1

[Event "Hessenliga 0506"]
[Site "Germany"]
[Date "2006.02.12"]
[Round "8.7"]
[White "Prange, Dieter"]
[Black "Schindler, Viktor2222"]
[Result "1/2-1/2"]
[WhiteElo "2123"]
[BlackElo "2107"]
[PlyCount "106"]
[EventDate "2005.09.11"]
[EventType "team"]
[EventRounds "11"]
[EventCountry "GER"]
[SourceTitle "EXT 2007"]
[Source "ChessBase"]
[SourceDate "2006.11.23"]
[SourceVersion "1"]
[SourceVersionDate "2006.11.23"]
[SourceQuality "1"]
[WhiteTeam "Marburg"]
[BlackTeam "Limburg"]
[WhiteTeamCountry "GER"]
[BlackTeamCountry "GER"]

1. e4 e6 2. d4 d5 3. Nc3 Nf6 4. exd5 exd5 5. Nf3 c6 6. Bg5 Be7 7. Be2 Bf5 8. 0-0 Nbd7 9. Re1 0-0 10. Nh4 Bg6 11. Nxg6 hxg6 12. Rb1 Re8 13. Bf3 b5 14. Qd3 a6 15. Ne2 Bd6 16. Ng3 Qc7 17. b3 Nb6 18. Nf1 Nh7 19. Bd2 a5 20. g3 Qd7 21. Bg2 f5 22. Ne3 b4 23. c4 bxc3 24. Bxc3 Nf6 25. b4 axb4 26. Bxb4 Bxb4 27. Rxb4 Nc4 28. Rxc4 dxc4 29. Qxc4+ Nd5 30. Rc1 Kh7 31. Nxd5 cxd5 32. Bxd5 Rac8 33. Bc6 Qc7 34. d5 Re4 35. Qa6 Rce8 36. Kg2 Rd8 37. a4 Qd6 38. Rb1 Rd4 39. Qb6 Qe5 40. a5 Rd6 41. Qb7 Qe4+ 42. Kg1 Rd3 43. Qb2 Rd2 44. Qxd2 Qxb1+ 45. Kg2 Qe4+ 46. Kg1 Qb1+ 47. Kg2 Qe4+ 48. f3 Qc4 49. Qf4 Qe2+ 50. Kg1 Qe1+ 51. Kg2 Qe2+ 52. Kg1 Qe1+ 53. Kg2 Qe2+ 1/2-1/2

[Event "Hessenliga 0405"]
[Site "Germany"]
[Date "2005.02.13"]
[Round "6.4"]
[White "Meyer, Kai Christian"]
[Black "Prange, Dieter"]
[Result "1/2-1/2"]
[WhiteElo "2136"]
[BlackElo "2168"]
[PlyCount "99"]
[EventDate "2004.09.26"]
[EventType "team"]
[EventRounds "9"]
[EventCountry "GER"]
[SourceTitle "EXT 2006"]
[Source "ChessBase"]
[SourceDate "2005.11.24"]
[SourceVersion "1"]
[SourceVersionDate "2005.11.24"]
[SourceQuality "1"]
[WhiteTeam "Schoeneck II"]
[BlackTeam "Marburg"]
[WhiteTeamCountry "GER"]
[BlackTeamCountry "GER"]

1. d4 Nf6 2. Bg5 d5 3. Bxf6 exf6 4. e3 Be7 5. Bd3 0-0 6. Nd2 Re8 7. Qf3 c5 8. Ne2 c4 9. Bf5 Nc6 10. c3 Bxf5 11. Qxf5 g6 12. Qf3 Qd7 13. Nf4 Rad8 14. 0-0 Qf5 15. Rac1 Bf8 16. Rfe1 Bh6 17. Nf1 Qd7 18. h3 b5 19. Nh2 Re4 20. Ng4 Bg7 21. Re2 b4 22. Rce1 f5 23. Nh2 a5 24. Nf1 a4 25. Nd2 Re7 26. g4 fxg4 27. hxg4 f5 28. g5 Qd6 29. Kg2 Rb7 30. Rh1 bxc3 31. bxc3 a3 32. Qh3 Rb2 33. Nb1 Ne7 34. Rxb2 axb2 35. Qxh7+ Kf7 36. Qh2 Qa6 37. a3 Qa4 38. Qg1 Qc2 39. Qd1 Qe4+ 40. Qf3 Nc6 41. Qxe4 fxe4 42. Rd1 Bf8 43. Rd2 Be7 44. Rxb2 Bxg5 45. Rb7+ Ne7 46. Kg3 Rd6 47. Kg4 Bxf4 48. Kxf4 Rf6+ 49. Kg3 Ra6 50. Rb2 1/2-1/2